| 000 | 01174nam a2200229 a 4500 | ||
|---|---|---|---|
| 001 | 000292186 | ||
| 003 | AM-YeHGA | ||
| 005 | 20250617125919.0 | ||
| 008 | 031210s1991 ai r 000 0 rus d | ||
| 040 | _aAM-YeHGA | ||
| 041 | 0 | _arus | |
| 245 | 0 | 0 |
_aПлодородие почв и продуктивность фитоценозов : _bСб. науч. тр. / _cАН СССР. Кол. науч. центр. Поляр.-альп. ботан. сад-ин-т. Кол. отд-ние Всесоюз. о-ва почвоведов; Под ред.: В.Н. Переверзева. |
| 260 |
_aАпатиты : _bКНЦ АН СССР, _c1991. |
||
| 300 |
_a110 с. _bил. |
||
| 504 | _aБиблиогр. в конце ст. | ||
| 650 | 1 | 4 |
_aФитоценозы _xПродуктивность _vСборник |
| 650 | 1 | 4 |
_aПлодородие почвы _vСборник |
| 700 | 1 |
_aПереверзев, Владимир Николаевич _eред. _4edt |
|
| 710 | 2 | _aПолярно-альпийский ботанический сад-институт | |
| 710 | 2 | _aКольский научный центр им. С.М. Кирова АН СССР | |
| 090 | _c108268 | ||
| 999 |
_c106942 _d106942 |
||